| 000 | 00804nam a2200217 i 4500 | ||
|---|---|---|---|
| 001 | 189665 | ||
| 003 | ES-MaACL | ||
| 005 | 20230906223526.0 | ||
| 008 | 190902s1942 sp |||| | spa d | ||
| 100 | 1 |
_aCanedo, J. _9168048 |
|
| 245 | 1 | 0 |
_aResumen de literatura sánscrita / _cpor J. Canedo. |
| 260 |
_aMadrid : _bInstituto Antonio de Nebrija, _c1942. |
||
| 300 |
_a133 ; _c24 cm. |
||
| 490 | 1 |
_aColección de Manuales "Emérita" ; _v3 |
|
| 594 | _aPrecede al tít.: Consejo Superior de Investigaciones Científicas. Patronato Menéndez Pelayo. | ||
| 650 | 0 | 4 |
_aLiteratura sánscrita- _xHistoria y crítica. _914666 |
| 710 | 2 |
_aPatronato "Marcelino Menéndez Pelayo" _96189 |
|
| 830 | 0 |
_aColección de Manuales "Emérita" ; _v3 _9193364 |
|
| 852 |
_aES-MaACL _jP-746-3 |
||
| 999 |
_c189665 _d189665 |
||